Superheroes by Cap Quiz Stats

Quiz Updated Mar 6, 2018

Also try: Superhero Shoes
Challenge
Share
Tweet
Score 0/16 Timer 03:00
3 Plays Today
Answer % Correct
Spider-man
99.5%
Batman
98.8%
Superman
98.7%
Captain America
98.2%
The Flash
97%
Wonder Woman
96.1%
The Incredible Hulk
95%
Iron Man
93.8%
Answer % Correct
Green Lantern
93.4%
Deadpool
86.1%
Daredevil
84.7%
Punisher
78.8%
Aquaman
78.8%
Green Arrow
70.5%
S.H.I.E.L.D.
51%
Nightwing
32.1%

You're not logged in!

Compare scores with friends on all Sporcle quizzes.
Sign Up with Email
OR
Log In

You Might Also Like...

Show Comments

Extras

Top Quizzes Today


Score Distribution

Your Account Isn't Verified!

In order to create a playlist on Sporcle, you need to verify the email address you used during registration. Go to your Sporcle Settings to finish the process.

Report this User

Report this user for behavior that violates our Community Guidelines.

Details: